LIBRARY & INFORMATION CENTRE, KCAET, TAVANUR

ONLINE PUBLIC ACCESS CATALOGUE (OPAC)

C. Day Lewic / (Record no. 6477)

MARC details
000 -LEADER
fixed length control field 00355cam a2200145ua 4500
041 ## - LANGUAGE CODE
Language code of text/sound track or separate title eng
082 ## - DEWEY DECIMAL CLASSIFICATION NUMBER
Classification number 928.82
Item number DYM/CD
100 ## - MAIN ENTRY--AUTHOR NAME
Personal name Dyment, Clifford .
245 ## - TITLE STATEMENT
Title C. Day Lewic /
260 ## - PUBLICATION, DISTRIBUTION, ETC. (IMPRINT)
Place of publication London :
Name of publisher Longman Green and Co ,
Year of publication 1963.
300 ## - PHYSICAL DESCRIPTION
Number of Pages 50 ; .
942 ## - ADDED ENTRY ELEMENTS (KOHA)
Koha item type Books
Holdings
Withdrawn status Lost status Damaged status Home library Current library Date acquired Full call number Accession Number Koha item type Public note
Withdrawn     KAUAET KAUAET 07/04/2012 928.82 5427 Books Deleted
free website counter